Normal view
MARC view
Entry Término temático
001 - NÚMERO DE CONTROL
- campo de control: 159253
003 - IDENTIFICADOR DEL NÚMERO DE CONTROL
- campo de control: CHAP
005 - FECHA Y HORA DE LA ÚLTIMA TRANSACCIÓN
- campo de control: 20240722120155.0
008 - DATOS DE LONGITUD FIJA
- campo de control de longitud fija: 220127|| aca||aabn | a|a d
040 ## - FUENTE DE LA CATALOGACIÓN
- Centro catalogador/agencia de origen: mxchpua
- Centro/agencia transcriptor: CHAP
150 ## - ENCABEZAMIENTO--TÉRMINO DE MATERIA
- Término de materia o nombre geográfico como elemento de entrada: Feed industry
- Subdivisión geográfica: Mexico
- Subdivisión geográfica: San Luis Potosi
670 ## - FUENTE DE DATOS ENCONTRADOS
- Cita de la fuente: Work cat.: (OSt)176647: Reyes Vigil, Miguel 97012, Estudio técnico ingenieril de una planta deshidratadora de cempasúchil (Tagetes erecta) en Río Verde, S. L. P. /, 2000
